| 000 | 00891nam a2200217 a 4500 | ||
|---|---|---|---|
| 001 | 22546 | ||
| 003 | CO-ViMGA | ||
| 008 | 141112s2004 ck r 000 u spa d | ||
| 040 |
_aCO-ViMGA _bspa _cCO-ViMGA |
||
| 082 | 0 | 4 | _a750 G817t |
| 100 | 1 |
_aGuasch Gemma, Asunción Josep _932027 |
|
| 245 | 1 | 0 |
_aTrazo : _bPintura creativa |
| 260 |
_aBarcelona : _bParramón, _c2006 |
||
| 300 | _a159 | ||
| 490 | _aPintura creativa | ||
| 505 | _aEl trazo en el lenguaje pictórico 6 - 20 - - El trazo en la naturaleza viva 22 - 40 - - El trazo en el bodegón 48 - 66 - - El trazo en el paisaje 74 - 92 - - El trazo en la figura humana 100 - 118 - - El trazo en la abstraccion 126 - 152 | ||
| 590 | _aForma de adquisición : Compra - - Precio : 78.000 - - Proveedor : Dismet - - Fecha de adquisición : 2008 | ||
| 650 | 1 | 4 |
_aDIBUJO - TECNICAS _928373 |
| 650 | 1 | 4 | _aPINTURA - TECNICAS |
| 942 |
_2ddc _cBK |
||
| 999 |
_c30847 _d30847 |
||